| 000 | 00428pab a2200157 454500 | ||
|---|---|---|---|
| 008 | 180718b2014 xxu||||| |||| 00| 0 eng d | ||
| 100 | _aBhanu, B. Ananda | ||
| 245 | _aFood sharing and distribution of resources among hunter-gatherers: A conceptual clarification | ||
| 260 | _c2014 | ||
| 300 | _ap.325-343. | ||
| 362 | _aJul-Dec | ||
| 650 | _aHunting | ||
| 773 | _aEastern Anthropologist | ||
| 908 | _aN | ||
| 909 | _a106808 | ||
| 999 |
_c106803 _d106803 |
||